| 000 | 01061nam a2200241Ia 4500 | ||
|---|---|---|---|
| 999 |
_c44398 _d44398 |
||
| 001 | 11163 | ||
| 003 | GE_BSU | ||
| 005 | 20221006163915.0 | ||
| 008 | 181216s1977ge xx |||||||||||||| ||geo|| | ||
| 040 | _cGE_BSU | ||
| 041 | _ageo | ||
| 080 | _a639.9(075.32) მ-98 | ||
| 100 |
_aყანჩაველი,ლ. _915119 |
||
| 245 |
_aმცენარეთა დაცვა : _bსახელმძღვ.სასოფლო-სამეურნეო ტექნიკუმებისათვის / _cლ. ყანჩაველი, ა.ბაღდავაძე, გ. გეგენავა, და სხვ. |
||
| 264 |
_aთბილისი : _bგანათლება, _c1977. |
||
| 300 |
_a389 გვ .: _b22 სმ. |
||
| 653 | _aმცენარეთა დაცვა. | ||
| 653 | _aმცენარეები | ||
| 700 |
_aყანჩაველი,ლ. _915120 |
||
| 700 |
_a ბაღდავაძე,ა. _915121 |
||
| 700 |
_aგეგენავა,გ და სხვ. _915122 |
||
| 942 |
_cBK _2udc |
||